Statistiques concernant Noms de Pokémon cachés dans une lettre

Cliquez ici pour prendre le quiz!

Statistiques générales

  • Ce quiz a été pris 120 fois
  • Le résultat moyen est 8 sur 20

Statistiques - réponses

Réponse% Correct
Leuphorie
96%
Escroco
67%
Barpau
59%
Lapyro
58%
Absol
53%
Lucanon
52%
Abra
51%
Riolu
50%
Ama-Ama
48%
Mentali
40%
Stari
30%
Amonita
27%
Meltan
27%
Celebi
22%
Salamèche
18%
Mélo
16%
Mew
16%
Abo
13%
Entei
13%
Tic
11%

Distribution des résultats

Percentile par nombre de réponses

% des personnes avec chaque résultat

Votre développement - résultats

Vous n’avez pas pris ce quiz